| 000 | 00544 a2200169 4500 | ||
|---|---|---|---|
| 001 | 134348 | ||
| 003 | OSt | ||
| 005 | 20210921124823.0 | ||
| 008 | |||
| 082 |
_a703 _bB32P |
||
| 100 | 1 | _aबाधम , रूपनारायण | |
| 245 | 1 |
_aपारिभाषिक कला-कोश _cby रूपनारायण बाधम |
|
| 260 |
_aनई दिल्ली _bवाणी प्रकाशन _c2002 |
||
| 300 | _a252p. | ||
| 690 | _aकला - शब्दकोश | ||
| 942 |
_2ddc _cBK |
||
| 999 |
_c7965 _d7965 |
||